000 00560nam a2200229 a 4500
001 nice12345678
003 IN_TiNIC
005 20260116014643.0
008 080305s2008 dela grp 000 0 eng
020 _a
_c1200
082 0 0 _a323
_bBAK
100 _aBakshi, S R
245 _aCommunal Harmony and Human Rights
260 _aDelhi
_bVista International Pub. House
_c2008
300 _a471p
500 _aincludes index and biblioraphy
650 _aHuman Rights
700 1 _aBakshi, S R
902 _bSRS
942 _cBK
999 _c16376
_d16376